Bioquímica (Registro nro. 164505)

Detalles MARC
000 -ENCABEZADO
Número de control [NR] 01219cam a22003137a 4500
008 - DE LONGITUD FIJA DE DATOS DE ELEMENTOS - INFORMACIÓN GENERAL
Elementos de longitud fija [NR] 060918s2010 mx ado frn 001 0dspa d
020 ## - NUMERO INTERNACIONAL NORMALIZADO PARA LIBROS [R]
Número Internacional Normalizado del libro [NR] 9789708300162
040 ## - FUENTE DE CATALOGACION [NR]
Agencia de catalogación original [NR] Co-BoUCM
Idioma de catalogación [NR] spa
Quien Cataloga
Quien Clasifica Aldemar Mondragón (modificó)
041 00 - CODIGO DE IDIOMA [R]
Código de idioma para texto/pista de sonido o título separado [R] Español
060 00 - SIGNATURA TOPOGRAFICA DE LA BIBLIOTECA NACIONAL DE MEDICINA (NLM) [R]
Número clasificador [R] QU 4
100 1# - ASIENTO PRINCIPAL--NOMBRE PERSONAL [NR]
Nombre personal [NR] Campbell, Mary K.
ID Autoridad 29002
245 10 - MENCION DE TITULO [NR]
Título [NR] Bioquímica
Mención de responsabilidad, etc. [NR] Mary K. Campbell, Shawn O. Farrell ; traducción Alberto Camas Reyes, Jorge Humberto Cortés Gasco, Jorge Bonilla Talavera ; revisión técnica Alicia Cea Bonilla, Gerardo Rodríguez Muñoz
250 ## - MENCION DE EDICION [NR]
Mención de edición [NR] 6a ed
260 ## - PUBLICACION, DISTRIBUCION, ETC. (PIE DE IMPRENTA) [R]
Lugar de publicación, distribución, etc. [R] México
Nombre del editor, distribuidor, etc. [R] Cengage Learning
Fecha de publicación, distribución, etc. [R] 2010
300 ## - DESCRIPCION FISICA [R]
Extensión [R] xvii, 818 páginas
Otros detalles físicos [NR] ilustraciones, fotos y gráficas
500 ## - NOTA GENERAL [R]
Nota general [NR] Incluye índice y glosario
650 #7 - ASIENTO SECUNDARIO DE MATERIA - TERMINO TEMATICO [R]
Término temático o nombre geográfico como elemento de entrada [NR] Aminoácidos
9 (RLIN) 8900
650 #7 - ASIENTO SECUNDARIO DE MATERIA - TERMINO TEMATICO [R]
Término temático o nombre geográfico como elemento de entrada [NR] Bioquímica
9 (RLIN) 10154
650 #7 - ASIENTO SECUNDARIO DE MATERIA - TERMINO TEMATICO [R]
Término temático o nombre geográfico como elemento de entrada [NR] Células
9 (RLIN) 10643
650 #7 - ASIENTO SECUNDARIO DE MATERIA - TERMINO TEMATICO [R]
Término temático o nombre geográfico como elemento de entrada [NR] Péptidos
9 (RLIN) 21279
650 #7 - ASIENTO SECUNDARIO DE MATERIA - TERMINO TEMATICO [R]
Término temático o nombre geográfico como elemento de entrada [NR] Proteínas
9 (RLIN) 22655
690 ## - ASUNTO AGREGADO LOCAL DE ENTRADA - TÉRMINO TEMÁTICO (OCLC, RLIN)
Acceso temático local Medicina
700 1# - ASIENTO SECUNDARIO - NOMBRE PERSONAL [R]
Nombre personal [NR] Bonilla Talavera, Jorge
9 (RLIN) 29006
Término de relación [R] traductor
700 1# - ASIENTO SECUNDARIO - NOMBRE PERSONAL [R]
Nombre personal [NR] Camas Reyes, Alberto
9 (RLIN) 29004
Término de relación [R] traductor
700 1# - ASIENTO SECUNDARIO - NOMBRE PERSONAL [R]
Nombre personal [NR] Cortés Gasco, Jorge Humberto
9 (RLIN) 29005
Término de relación [R] traductor
700 1# - ASIENTO SECUNDARIO - NOMBRE PERSONAL [R]
Nombre personal [NR] Farrell, Shawn O.
9 (RLIN) 29003
765 0# - ASIENTO DE IDIOMA ORIGINAL [R]
Título [NR] Biochemistry
942 ## - ELEMENTOS DE ENTRADA AGREGADOS (KOHA)
Tipo de ítem principal el descrito en 300a Libro
Edición 6
Tema principal
Parte restante de la signatura top. C187b
Sistema de clasificación NLM
Clasificación QU 4
Título oculto en OPAC No
Existencias
Fecha de último préstamo Total préstamos Total Renewals Signatura topográfica Código de barras Última vez visto Volúmen / Fascículo Ejemplar Price effective from Tipo de ítem Perdido Sistema de clasificación Dañado No prestable Tipo de ítem específico Suprimido Ubicación habitual Ubicación actual Localización Fecha de creación Forma de adquisición Costo Costo de reposición Proveedor
15/08/2024 69 27 QU 4 C187b 200024453 07/03/2026 6a. Ed. Ej.1 08/02/2013 Libro   NLM     Libro   Quinta de Mutis Quinta de Mutis 1er piso 19/02/2013 Compra 65477.00    
12/02/2026 60 28 QU 4 C187b 200024486 16/03/2026 6a. Ed. Ej.2 12/04/2013 Libro   NLM     Libro   Quinta de Mutis Quinta de Mutis 1er piso 12/04/2013 Compra 131750.00 131750.00 10